South American Countries as Sorted Heterograms - Statistics

General Stats
  • This quiz has been taken 167 times
  • The average score is 12 of 12
Answer Stats
Heterogram Country % Correct
ABILOV Bolivia
99%
ABILRZ Brazil
99%
CEHIL Chile
99%
ABCILMO Colombia
99%
ACDEORU Ecuador
99%
AGPRUY Paraguay
99%
EPRU Peru
99%
AGRUY Uruguay
99%
AELNUVZ Venezuela
99%
AEGINRT Argentina
98%
AGNUY Guyana
97%
AEIMNRSU Suriname
97%
No matching quizzes found
Score Distribution
Percent of People with Each Score
Percentile by Number Answered
Your Score History
You have not taken this quiz